Biblioteca

La regla de la comunidad de Qumrán / editado por Jaime Vásquez Allegue (Registro nro. 45033)

Detalles MARC
000 -LÍDER
Campo fijo de descripción fija 01467aam a2200313 i 4500
001 - NÚMERO DE CONTROL
Campo de control 18617
003 - IDENTIFICADOR DEL NÚMERO DE CONTROL
Campo de control CO-MdBIC
005 - FECHA Y HORA DE LA ULTIMA TRANSACCIÓN
control field 20211016102108.0
008 - ELEMENTOS DE LONGITUD FIJA -- INFORMACIÓN GENERAL
Campo fijo de descripción fija -- Información general 211016t2006 sp ||||| |||| 00| 0 eng d
020 ## - NÚMERO INTERNACIONAL NORMALIZADO PARA LIBROS
Número Internacional Normalizado del libro 84-301-1592-7
040 ## - FUENTE DE CATALOGACIÓN
Idioma de catalogación spa.
Agencia de catalogación original CO-MdFUSB
Agencia que realiza la transcripción CO-MdFUSB
Agencia que realiza la modificación CO-MdFUSBC
Convenciones de la descripción rda
041 ## - CÓDIGO DE IDIOMA
Código de idioma para texto/pista de sonido o título separado spa
082 04 - NÚMERO DE CLASIFICACIÓN DECIMAL DEWEY
Número de clasificación R 296.815 V9859r
100 1# - ASIENTO PRINCIPAL--NOMBRE PERSONAL
Nombre personal Vásquez Allegue, Jaime (ed.)
245 10 - TÍTULO
Título del Material La regla de la comunidad de Qumrán / editado por Jaime Vásquez Allegue
Mención de responsabilidad, etc. /
260 ## - PUBLICACIÓN, DISTRIBUCIÓN, ETC. (PIE DE IMPRENTA)
Lugar de publicación, distribución, etc. Salamanca, España : Sígueme
264 #1 - PRODUCCIÓN, PUBLICACIÓN, DISTRIBUCIÓN, MANUFACTURA, Y COPYRIGHT
Lugar de producción, publicación, distribución, manufactura Salamanca, España :
Nombre del productor, publicador, distribuidor Ediciones Sígueme,
Fecha de producción, publicación, distribución, manufactura, o copyright [2006]
264 #4 - PRODUCCIÓN, PUBLICACIÓN, DISTRIBUCIÓN, MANUFACTURA, Y COPYRIGHT
Fecha de producción, publicación, distribución, manufactura, o copyright © 2006
300 ## - DESCRIPCIÓN FÍSICA
Extensión 157 páginas
Dimensiones ;
336 ## - TIPO DE CONTENIDO
Fuente rdacontent
Término de tipo de contenido texto
Código de tipo de contenido txt
337 ## - TIPO DE MEDIO
Fuente rdamedia
Nombre del tipo de medio sin mediación
Código del tipo de medio n
338 ## - TIPO DE SOPORTE
Fuente rdacarrier
Nombre del tipo de soporte volumen
Código Tipo de soporte nc
501 ## - NOTA DE “CON”
Nota de Contenido Rústico
505 ## - NOTA DE CONTENIDO
Nota de contenido con formato preestablecido Los manuscritos del Mar Muerto -- Importancia -- Antigüedad -- Ideología -- Creación literaria -- Documentos más importantes -- La comunidad de Qumrán -- Qumrán en la literatura antigua -- El movimiento esenio -- Fundación de la comunidad -- Vida en común -- La Biblioteca del Mar Muerto -- Los rollos -- El rollo de la Regla de la comunidad -- La Regla de la comunidad de la cueva 1 -- La Regla de la comunidad de otras cuevas -- El manuscrito de la Regla de la comunidad -- Historia -- Estructura -- Traducciones -- El manuscrito -- La "Regla de la comunidad" de Qumrán
653 ## - TÉRMINO DE INDIZACIÓN - NO CONTROLADO
Término no controlado Regula
653 ## - TÉRMINO DE INDIZACIÓN - NO CONTROLADO
Término no controlado Qumrán
942 ## - TIPO DE MATERIAL (KOHA)
Tipo de Item KOHA Libros General
945 ## - INFORMACIÓN LOCAL DEL REGISTRO
Catalogador Estudiante
Existencias
Estado de Material Estado de Perdido Estado de Dañado No para Préstamo Colección Tomo Biblioteca de Origen Biblioteca Permanente Fecha de Adquisición Total de Préstamos Signatura Topográfica Código de Barras Última vez visto Última vez Préstado Ejemplar/Existencia Fecha de Remplazo Tipo de Material
        Colección de Referencia   Biblioteca FUSBC Biblioteca FUSBC 11/09/2014 1 R 296.815 V9859r 18596 15/05/2023 12/05/2023 1 26/01/2016 Libros de Referencia

Biblioteca FUSBC | Teléfono: (57+4) 349 88 10 Ext. 141| WhatsApp (+57) 3005338115 
E-mail: biblioteca@unisbc.edu.co | Calle 76 87-14 Robledo Palenque, Medellín, Colombia

Con tecnología Koha